000 00201nam a22000977a 4500
020 _a0803289707
100 _aJOHN WAYNE
245 _aAMERICAN
260 _aNEWYORK
_bRANDY ROBBERTS
_c1997
942 _cBK
999 _c252305
_d252304